01280nam a2200313Ia 4500001000700000003000500007008004100012010001100053040000900064090001700073100003400090245018400124260004100308300001000349502007700359650003900436650002900475650002800504650004500532700004200577901001700619902000600636910000900642942000600651942000600657999001900663952014200682952014200824Z_1717CHAP220113s1999 xx 000 0 und d a164809 cCHAP aTesis M 1381 aMora González, Pablo978141 aHarina de larva de mosca doméstica (Musca domestica L.) como fuente de proteína en dietas para pollos de engorda /cpor Pablo Mora González y Juan Carlos Rojas Hernández aChapingo, Méx. :bEl autor,c1999 a38 h. aTesis (Ing. Agr. Esp. en Zootecnia) -- UACH. Departamento de Zootecnia aAves de corralxNutrición 98672 aHarina de mosca 9138876 aMusca domestica 979867 aProteínas en nutrición animal992454 aRojas Hernández, Juan Carlos999317 aTESIS M 1381 aM a1999 c2 c2 c164809d164809 00102local4051708TESISaZbZd2005-11-09eEl autorl0oTesis M67 1381 1999p5101002186r2022-01-18 00:00:00tEj.1w2022-01-18yTESIS 00102local4055708TESISaZbZd2005-11-09eEl autorl0oTesis M67 1381 1999p5101002187r2022-01-18 00:00:00tEj.2w2022-01-18yTESIS